00841nam a2200205 a 450000100100000000500170001000800410002702000150006804000250008324501090010826000540021730000210027149000370029270000400032970000380036971000610040783000440046895201060051299900170061800004134520201002034816.0131001s1991 sp 000 0 spa d a8400071468 aDO-SdBNPbspacBNPHU00aEstudios (nuevos y viejos) sobre la frontera /cCoordinados por Francisco de Solano y Salvador Bernabeu. aMadrid :bCentro de Estudios Históricos,c1991. a419 p. ;c21 cm.1 aAnexos de Revista de Indias ;v41 aSolano, Francisco de,ecoor.9153061 aBernabeu, Salvador,ecoor.9679892 aConsejo Superior de Investigaciones Sientíficas967215 0aAnexos de Revista de Indias ;n4967990 0010507-18MOaGRbGRcOId2013-10-01iLF1l0o p41345-10r2020-06-25w2020-06-25y1ZNo se presta c40835d40835